000 00740nam a2200241 i 4500
001 C2-0308040
003 PPAK
005 20180728094828.0
008 110417s2007 io a|||| ||||| | may d
020 _a9789791593601
040 _aPPAK
_beng
_cPPAK
_erda
082 0 4 _a327.172
_223
090 0 0 _a327.172
_bFAR
_dKMI
100 0 _aFarid Husain,
_eauthor
245 1 0 _aTo see the unseen =
_bkisah di balik damai di Aceh
264 1 _aJakarta, Indonesia :
_bHealth & Hospital Indonesia ,
_c2007
300 _axxviii, 291 pages :
_bcolour illustrations ;
_c23 cm
336 _2rdacontent
_atext
337 _2rdamedia
_aunmediated
338 _2rdacarrier
_avolume
650 1 0 _aIndonesian - Politics and government.
942 _ddc
_cB
999 _c110706
_d110706